| 000 | 00701nam a22002417a 4500 | ||
|---|---|---|---|
| 999 |
_c12885 _d12885 |
||
| 003 | AR-CdUCM | ||
| 008 | 190327b ||||| |||| 00| 0 spa d | ||
| 040 |
_aMUNICIPALIDAD PROVINCIAL DEL CUSCO _cBIBLIOTECA MUNICIPAL DEL CUSCO |
||
| 082 |
_aES / 373.869 _bB93 |
||
| 100 |
_aBuona, Eugenia _925438 |
||
| 245 | _aMercedes Rueda / | ||
| 260 |
_aLima : _bFrancisco Moncloa Editores, _c1966. |
||
| 300 |
_a94 paginas ; _c19 cm. |
||
| 505 | _aContenido: Cuentos | ||
| 650 |
_aCuentos _9217 |
||
| 650 |
_aHistorias _92725 |
||
| 650 |
_aLiteratura _983 |
||
| 650 |
_aSiglo XX _98 |
||
| 650 |
_aPerú _935 |
||
| 700 |
_aNuñez Ureta, Teodoro _915734 |
||
| 942 |
_2ddc _cLIBROS |
||
| 945 |
_apjha _d2019-04-10 |
||